Loading...
| Fine Arts - Classical Music | 5 | 12.00 | 3,540% | 340% | 180% |
| Fine Arts - Other | 5 | 20.00 | 5,500% | 140% | 840% |
| Fine Arts - Painting & Sculpture | 4 | 17.50 | 3,625% | 400% | 600% |
| History - American | 2 | 20.00 | 3,200% | 850% | 400% |
| History - European | 3 | 16.67 | 6,467% | 233% | 300% |
| History - Other | 6 | 13.33 | 1,350% | 267% | 733% |
| History - World | 7 | 17.14 | 5,543% | 357% | 486% |
| Literature - American | 7 | 21.43 | 3,686% | 486% | 814% |
| Literature - British | 3 | 20.00 | 5,900% | 267% | 500% |
| Literature - European | 7 | 18.57 | 6,214% | 343% | 471% |
| Literature - World | 6 | 16.67 | 5,650% | 267% | 417% |
| Mythology | 4 | 22.50 | 4,850% | 425% | 800% |
| Other | 9 | 20.00 | 3,767% | 578% | 633% |
| Philosophy | 5 | 12.00 | 1,280% | 340% | 520% |
| Religion | 5 | 18.00 | 3,240% | 480% | 680% |
| Science - Biology | 6 | 11.67 | 2,417% | 283% | 433% |
| Science - Chemistry | 4 | 22.50 | 4,850% | 800% | 400% |
| Science - Other | 5 | 20.00 | 5,500% | 500% | 520% |
| Science - Physics | 6 | 20.00 | 5,650% | 383% | 533% |
| Social Science | 5 | 20.00 | 5,500% | 480% | 500% |